000 00644nam a2200241Ia 4500
003 OSt
005 20220918210239.0
006 a|||||r|||| 00| 0
007 ta
008 220917b |||||||| |||| 00| 0 eng d
024 _a119,746
037 _cTextual
040 _aARTS
_cARTS
_beng
041 _2eng
_aeng
082 _aV73:26:N3, J2
100 _aFisher Marquerite J
_9117567
245 0 _aMunicipal and other local governments
260 _c1952
650 _aHISTORY
700 _a Bishop Donald G
_9117568
942 _hV73:26:N3, J2
_cTEXL
_2CC
999 _c243005
_d243005